La Europa del Renacimiento (Record no. 78622)

MARC details
000 -LEADER
campo de control de longitud fija 00536nam a2200181 i 4500
001 - NÚMERO DE CONTROL
campo de control 78622
003 - IDENTIFICADOR DE NÚMERO DE CONTROL
campo de control ES-MaACL
005 - FECHA Y HORA DE LA ÚLTIMA TRANSACCIÓN
campo de control 20250520202305.0
007 - CAMPO FIJO DE DESCRIPCIÓN FÍSICA--INFORMACIÓN GENERAL
campo de control de longitud fija t|
008 - DATOS DE LONGITUD FIJA--INFORMACIÓN GENERAL
campo de control de longitud fija 041015s1973 sp ||||1| spa d
100 1# - ENTRADA PRINCIPAL--NOMBRE DE PERSONA
Nombre de persona Hale, J. R.
9 (RLIN) 61530
245 13 - MENCIÓN DEL TÍTULO
Título La Europa del Renacimiento
Resto del título : 1480-1520 /
Mención de responsabilidad, etc. J.R. Hale ; [traductor, Ramón Cotarelo].
260 ## - PUBLICACIÓN, DISTRIBUCIÓN, ETC.
Lugar de publicación, distribución, etc. [Madrid] :
Nombre del editor, distribuidor, etc. Siglo XXI,
Fecha de publicación, distribución, etc. [1973]
300 ## - DESCRIPCIÓN FÍSICA
Extensión 410 p. ;
Dimensiones 18 cm.
700 1# - ENTRADA AGREGADA--NOMBRE PERSONAL
Nombre de persona Cotarelo, Ramón,
Fechas asociadas al nombre 1943-
9 (RLIN) 41166
852 ## - LOCALIZACIÓN
Ubicación ES-MaACL
Número de control de estantería C-55754
Sublocalización o colección R.88249
Holdings
Estatus retirado Estado de pérdida Estado de daño No para préstamo Biblioteca de origen Biblioteca actual Ubicación en estantería Fecha de adquisición Fuente de adquisición Total de préstamos Signatura topográfica completa Código de barras Visto por última vez Precio de reemplazo Tipo de ítem Koha
        Biblioteca del Ateneo de Madrid Biblioteca del Ateneo de Madrid Depósito 2 17/01/2008     C-55754 1082232 23/02/2023 23/02/2023 Libro impreso